Las llamadas perdidas

Gespeichert in:
Bibliographische Detailangaben
1. Verfasser: Rivas, Manuel (VerfasserIn)
Format: Buch
Sprache:Spanisch
Veröffentlicht: Madrid Alfaguara 2002
Madrid Santillana 2002
Schlagworte:
Tags: Tag hinzufügen
Keine Tags, Fügen Sie den ersten Tag hinzu!

MARC

LEADER 00000nam a2200000 a 4500
001 UCM8226
003 CL-VaPUC
008 030228e20020000SP |||||||||||||||||spa|d
082 0 4 |a 863  |b RIV  |2 21 
100 0 |a Rivas, Manuel  |e author  |9 474206 
245 1 4 |a Las llamadas perdidas 
300 |a 235 p 
942 |c BK 
945 |d 20030228 00:00:00  |a cmena 
260 |a Madrid  |b Alfaguara  |c 2002 
260 |a Madrid  |b Santillana  |c 2002 
650 0 |a Novelas españolas  |9 265052 
650 0 |a Literatura española  |9 306261 
583 |a last modification  |c 20130421 11:17:17  |k Rodrigo Vera 
999 |c 302804  |d 302802 
952 |0 0  |1 0  |4 0  |6 863_000000000000000_RIV_2002_2002  |7 0  |8 A  |9 363553  |a BIBEDU  |b BIBEDU  |d 2019-11-21  |i 3879879  |o 863 RIV 2002 2002  |p 3879879  |r 2019-11-21  |w 2019-11-21  |y BK  |k LIT